Welcome to WEB OPAC of MRSPTU Central Library

Advanced differential equations (Record no. 5792)

MARC details
000 -LEADER
fixed length control field 00423nam a2200169Ia 4500
008 - FIXED-LENGTH DATA ELEMENTS--GENERAL INFORMATION
fixed length control field 230711s9999||||xx |||||||||||||| ||und||
020 ## - INTERNATIONAL STANDARD BOOK NUMBER
International Standard Book Number 978-81-219-0893-1
041 ## - LANGUAGE CODE
Language code of text/sound track or separate title ENG
082 ## - DEWEY DECIMAL CLASSIFICATION NUMBER
Classification number 515.625
Item number RA-A
100 ## - MAIN ENTRY--PERSONAL NAME
Personal name Raisinghania, M.D
245 #0 - TITLE STATEMENT
Title Advanced differential equations
250 ## - EDITION STATEMENT
Edition statement 8th . Ed.
260 ## - PUBLICATION, DISTRIBUTION, ETC.
Date of publication, distribution, etc. 2015
Place of publication, distribution, etc. New Delhi
Name of publisher, distributor, etc. S.Chand & Company Ltd
300 ## - PHYSICAL DESCRIPTION
Extent 3.28p.
650 ## - SUBJECT ADDED ENTRY--TOPICAL TERM
Topical term or geographic name entry element Mathematics
942 ## - ADDED ENTRY ELEMENTS (KOHA)
Koha item type Book
Holdings
Withdrawn status Lost status Damaged status Not for loan Collection Home library Current library Date acquired Cost, normal purchase price Inventory number Total checkouts Full call number Barcode Date last seen Date last checked out Price effective from Koha item type
          MRSPTU Central Library MRSPTU Central Library   735.00 49742486 9 515.625 RA-A 31238 04/21/2025 03/10/2025 08/17/2023 Book
          MRSPTU Central Library MRSPTU Central Library   735.00 49742486 17 515.625 RA-A 31239 12/29/2025 12/12/2025 08/17/2023 Book
          MRSPTU Central Library MRSPTU Central Library         515.35 RA-A 34430 08/17/2023   08/17/2023 Book
          MRSPTU Central Library MRSPTU Central Library       17 515.35 RA-A 34431 06/18/2025 05/14/2025 08/17/2023 Book
          MRSPTU Central Library MRSPTU Central Library       10 515.35 RA-A 34432 01/13/2026 12/19/2025 08/17/2023 Book
          MRSPTU Central Library MRSPTU Central Library       16 515.35 RA-A 34433 06/20/2025 06/09/2025 08/17/2023 Book
          MRSPTU Central Library MRSPTU Central Library       9 515.35 RA-A 34434 06/19/2025 04/17/2025 08/17/2023 Book

Website Designed and Developed by MRSPTU Central Library Team

E-mail Id: librarian@mrsptu.ac.in